Online Public Access Catalogue

Pocket companion to guyton and hall textbook of medical / (Record no. 12316)

MARC details
000 -LEADER
fixed length control field 00699nam a22002415i 4500
020 ## - INTERNATIONAL STANDARD BOOK NUMBER
International Standard Book Number 9780323640077
020 ## - INTERNATIONAL STANDARD BOOK NUMBER
Canceled/invalid ISBN 9780323640107
042 ## - AUTHENTICATION CODE
Authentication code pcc
082 ## - DEWEY DECIMAL CLASSIFICATION NUMBER
Classification number 612
Author Mark HAL
100 1# - MAIN ENTRY--PERSONAL NAME
Author Name Hall, John,
245 10 - TITLE STATEMENT
Title Pocket companion to guyton and hall textbook of medical /
250 ## - EDITION STATEMENT
Edition statement 14.
260 ## - PUBLICATION, DISTRIBUTION, ETC.
Place of publication, distribution, etc. Islamabad
Name of publisher, distributor, etc. Paramount
Date of publication, distribution, etc. 2021
264 #1 - PRODUCTION, PUBLICATION, DISTRIBUTION, MANUFACTURE, AND COPYRIGHT NOTICE
Place of production, publication, distribution, manufacture Philadelphia :
Name of producer, publisher, distributor, manufacturer Elsevier, Inc,
Date of production, publication, distribution, manufacture, or copyright notice 2020.
300 ## - PHYSICAL DESCRIPTION
No of Pages pages cm
336 ## - CONTENT TYPE
Content type term text
Content type code txt
Source rdacontent
337 ## - MEDIA TYPE
Media type term unmediated
Media type code n
Source rdamedia
338 ## - CARRIER TYPE
Carrier type term volume
Carrier type code nc
Source rdacarrier
650 ## - SUBJECT ADDED ENTRY--TOPICAL TERM
Subject Physiology
Keywords Membrane Physiology
-- The Heart
-- IMDC
906 ## - LOCAL DATA ELEMENT F, LDF (RLIN)
a 0
b ibc
c orignew
d 2
e epcn
f 20
g y-gencatlg
942 ## - ADDED ENTRY ELEMENTS (KOHA)
Source of classification or shelving scheme
Koha item type Books
952 ## - LOCATION AND ITEM INFORMATION (KOHA)
-- 2022-05-13
952 ## - LOCATION AND ITEM INFORMATION (KOHA)
-- 2023-10-30
952 ## - LOCATION AND ITEM INFORMATION (KOHA)
-- 2023-10-30
952 ## - LOCATION AND ITEM INFORMATION (KOHA)
-- 2023-10-30
952 ## - LOCATION AND ITEM INFORMATION (KOHA)
-- 2023-10-30
Holdings
Item status Home library Current library Shelving location Date acquired Source of acquisition Cost, normal purchase price Total Checkouts Full call number Barcode Date last seen Date last checked out Koha item type Collection Code Total Renewals
  Islamabad Medical and Dental College Islamabad Medical and Dental College Islamabad Medical and Dental College 13/05/2022 Paramount 1356.00 10 612 HAL 11235 15/01/2026 27/10/2025 Books    
  Islamabad Medical and Dental College Islamabad Medical and Dental College Islamabad Medical and Dental College 30/10/2023 pak book 3134.00 10 612 HAL 11431 16/03/2026 09/02/2026 Books Physiology 1
  Islamabad Medical and Dental College Islamabad Medical and Dental College Islamabad Medical and Dental College 30/10/2023 pak book 3134.00 14 612 HAL 11434 30/01/2026 29/01/2026 Books   2
  Islamabad Medical and Dental College Islamabad Medical and Dental College Islamabad Medical and Dental College 30/10/2023 pak book 3134.00 5 612 HAL 11433 09/03/2026 23/10/2025 Books   1
  Islamabad Medical and Dental College Islamabad Medical and Dental College Islamabad Medical and Dental College 30/10/2023 pak book 3134.00 6 612 HAL 11432 23/02/2026 11/09/2025 Books Physiology 1

Copyright @ IMDC Library
Islamabad Medical and Dental College
Bhara Kahu, Islamabad

  Contact the Librarian, IMDC
  Email:: library@imdcollege.edu.pk

  OPAC Customized by
  Mazhar Hussain,
  Librarian:
  Islamabad Medical and Dental College
  Email:: library@imdcollege.edu.pk